000 00331nam a2200121Ia 4500
008 240731s9999 xx 000 0 und d
022 _a1751-8342
245 0 _aMaterial Religion : The Journal of Objects, Art and Belief
260 _bRoutledge
856 _uhttps://www.tandfonline.com/loi/rfmr20
942 _2ddc
942 _cTFEJ
999 _c78489
_d78489
945 _a1
_bMadushi Gamage
_c1
_dMadushi Gamage